000 01565nam a2200493 i 4500
001 45444
003 KOSZ 005
005 20191211102123.0
008 000428s2000 pl a f f |000 0 pol
015 _aPB 2000/7931
020 _a8301131160
035 _a991013833859705066
035 _a(PL-WaBN)b13722074-48omnis_nlop
035 _ab13722074
035 _a(OCoLC)749260080
035 _a(PL)b0000001372207
035 _a(EXLNZ-48OMNIS_NETWORK)9910348386805606
040 _aWA N
_cWA N
_dKOSZ 005/HR
041 0 _apol
046 _k2000
080 _a336.74(4)
080 _a336.74(7)
080 _a(075.8)
100 1 _aKaźmierczak, Andrzej
_d(1950- )
_eAutor
245 1 0 _aPolityka pieniężna w gospodarce rynkowej /
_cAndrzej Kaźmierczak.
260 _aWarszawa :
_bWydaw. Naukowe PWN,
_c2000.
300 _a211, [1] s. :
_bil. ;
_c25 cm.
336 _2rdacontent
_aTekst
_btxt
337 _2rdamedia
_aBez urządzenia pośredniczącego
_bn
338 _2rdacarrier
_aWolumin
_bnc
380 _aKsiążki
380 _aPublikacje dydaktyczne
385 _mPoziom nauczania
_aSzkoły wyższe
388 _a1901-2000
388 _a1989-2000
504 _aBibliogr.
650 7 _aPolityka pieniężna
_2DBN
655 7 _aPodręczniki akademickie
_2DBN
658 _aGospodarka, ekonomia, finanse
710 2 _aWydawnictwo Naukowe PWN
_4pbl
856 _uhttp://koha.tu.koszalin.pl/cgi-bin/koha/opac-detail.pl?biblionumber=45444
_yKatalog online BPK
942 _2UKD
_cKS
999 _c45444
_d45444